000 00875nam a2200229 a 4500
001 000007035
005 20200929154042.0
008 090904s1982 dr f000 0 spa d
040 _aDO-SdBNP
_bspa
_cBNPHU
082 _a347.729305
_bR426c, 1982
110 1 _aRepública Dominicana.
_9447
240 1 0 _aCódigo de Procedimiento Civil
245 1 0 _aCódigo de procedimiento civil y legislación complementaria /
_cpresentación Manlío A. Minervino.
260 _aSanto Domingo :
_bFuturo,
_c1982.
300 _a397 cm. ;
_c22 cm.
590 _aInventariado, 2018/VM
650 4 _aDerecho civil
_xLegislación
_zRepública Dominicana
_96943
650 4 _aProcedimiento civil
_xLegislación
_zRepública Dominicana
_911714
650 4 _aLeyes
_zRepública Dominicana
_93033
700 1 _aMinervino, Manlío A.,
_epresentación
_919542
910 _aValidado. Control de calidad EMS
999 _c6819
_d6819